| 000 | 01332pam a2200325 a 4500 | ||
|---|---|---|---|
| 999 |
_c331934 _d331934 |
||
| 001 | 2420763 | ||
| 003 | NUST | ||
| 005 | 20171102164145.0 | ||
| 008 | 870204s1988 nyua b 001 0 eng | ||
| 010 | _a 87004171 | ||
| 020 |
_a0070458723 : _c$59.50 |
||
| 040 |
_aDLC _cDLC _dDLC |
||
| 050 | 0 | 0 |
_aQD169.W3 _bN34 1988 |
| 082 | 0 | 0 |
_a628.162 NAL _219 |
| 245 | 0 | 4 |
_aThe NALCO water handbook / _cNalco Chemical Company ; Frank N. Kemmer, editor. |
| 250 | _a2nd ed. | ||
| 260 |
_aNew York : _bMcGraw-Hill Book Co., _cc1988. |
||
| 300 |
_a1 v. (various pagings) : _bill. ; _c24 cm. |
||
| 500 | _aH.B | ||
| 504 | _aIncludes bibliographies and index. | ||
| 650 | 0 |
_aWater _xHandbooks, manuals, etc. _95885 |
|
| 700 | 1 |
_aKemmer, Frank N. _95886 |
|
| 710 | 2 |
_aNalco Chemical Company. _95884 |
|
| 856 | 4 | 1 |
_3Table of contents _uhttp://www.loc.gov/catdir/toc/mh041/87004171.html |
| 856 | 4 | 2 |
_3Contributor biographical information _uhttp://www.loc.gov/catdir/enhancements/fy0737/87004171-b.html |
| 906 |
_a7 _bcbc _corignew _d1 _eocip _f19 _gy-gencatlg |
||
| 942 |
_2ddc _cBK _kIESE |
||